书目信息 |
| 题名: |
纳米技术新进展
|
|
| 作者: | 张全勤 , 张继文 编著 | |
| 分册: | ||
| 出版信息: | 北京 国防工业出版社 2005.01 |
|
| 页数: | XVI, 430页 | |
| 开本: | 20cm | |
| 丛书名: | ||
| 单 册: | ||
| 中图分类: | TB383 | |
| 科图分类: | ||
| 主题词: | 纳米材料--概论 | |
| 电子资源: | ||
| ISBN: | 7-118-03721-4 | |
| 000 | 00866nam0 2200241 450 | |
| 001 | 0166049153 | |
| 005 | 20051014090009.77 | |
| 010 | @a7-118-03721-4@dCNY26.00 | |
| 100 | @a20050912d2005 km y0chiy0120 ea | |
| 101 | 0 | @achi |
| 102 | @aCN@b110000 | |
| 105 | @aa a 000yy | |
| 200 | 1 | @a纳米技术新进展@Ana mi ji shu xin jin zhan@f张全勤, 张继文编著@Fzhang quan qin,zhang ji wen bian zhu |
| 210 | @a北京@c国防工业出版社@d2005.01 | |
| 215 | @aXVI, 430页@c图@d20cm | |
| 320 | @a有书目。 | |
| 330 | @a本书共分10章,系统地介绍了纳米技术的基本概念,纳米材料的产生及其特性、纳米结构体系、制备方法、纳米结构的检测与表征手段、纳米材料在各个领域的应用事例以及发展前景。 | |
| 606 | 0 | @a纳米材料@x概论 |
| 690 | @aTB383@v4 | |
| 701 | 0 | @a张全勤@Azhang quan qin@4编著 |
| 701 | 0 | @a张继文@Azhang ji wen@4编著 |
| 801 | 0 | @aCN@bQSSK@c20051014 |
| 905 | @a10447@dTB383@eZ155 | |
| 纳米技术新进展/张全勤, 张继文编著.-北京:国防工业出版社,2005.01 |
| XVI, 430页:图;20cm |
| ISBN 7-118-03721-4:CNY26.00 |
| 本书共分10章,系统地介绍了纳米技术的基本概念,纳米材料的产生及其特性、纳米结构体系、制备方法、纳米结构的检测与表征手段、纳米材料在各个领域的应用事例以及发展前景。 |
| ● |
| 相关链接 |
|
|
|
正题名:纳米技术新进展
索取号:TB383/Z155
 
预约/预借
| 序号 | 登录号 | 条形码 | 馆藏地/架位号 | 状态 | 备注 |
| 1 | 568798 | 205687988 | 自科库501/501自科库 14排2列4层/ [索取号:TB383/Z155] | 在馆 | |
| 2 | 568799 | 205687997 | 自科二线400A/400A自科库 28排3列3层/ [索取号:TB383/Z155] | 在馆 | |
| 3 | 568800 | 205688004 | 自科库501/501自科库 14排2列4层/ [索取号:TB383/Z155] | 在馆 |